Doprava Odborná ekonomicko-technická revue pro všechny druhy dopravy

Uložené v:
Podrobná bibliografia
Médium: Seriál
Jazyk:Czech
Vydavateľské údaje: Praha Nakl. dopr. a spojů 1986
Tagy: Pridať tag
Žiadne tagy, Buďte prvý, kto otaguje tento záznam!

MARC

LEADER 00000nas2a2200000 4500
001 s027340
005 20250730114136.9
041 0 |a cze 
044 |a CZ 
245 1 0 |a Doprava  |b Odborná ekonomicko-technická revue pro všechny druhy dopravy 
264 1 |a Praha  |b Nakl. dopr. a spojů  |c 1986 
300 |a 1 zv. 
773 0 |w eu_un_cat*s120131